[Event "Hoogeveen Open"]
[Site "Hoogeveen, Netherlands"]
[Date "2018.10.24"]
[Round "6.31"]
[White "Hoffman, Ron"]
[Black "Maters, Arthur"]
[Result "0-1"]
[WhiteElo "2060"]
[BlackElo "1933"]

1. Nf3 {[%clk 01:30:49]} {[%emt 00:00:08]} Nf6 {[%clk 01:30:50]} {[%emt
00:00:14]} 2. c4 {[%clk 01:31:10]} {[%emt 00:00:04]} g6 {[%clk 01:30:57]}
{[%emt 00:00:26]} 3. Nc3 {[%clk 01:29:27]} {[%emt 00:02:11]} d5 {[%clk
01:28:07]} {[%emt 00:03:20]} 4. cxd5 {[%clk 01:29:46]} {[%emt 00:00:11]} Nxd5
{[%clk 01:28:29]} {[%emt 00:00:08]} 5. Qb3 {[%clk 01:29:50]} {[%emt 00:00:26]}
Nb6 {[%clk 01:24:34]} {[%emt 00:04:25]} 6. d4 {[%clk 01:29:27]} {[%emt
00:00:52]} Bg7 {[%clk 01:23:48]} {[%emt 00:01:18]} 7. Bf4 {[%clk 01:28:26]}
{[%emt 00:01:30]} Be6 {[%clk 01:12:24]} {[%emt 00:11:54]} 8. Qc2 {[%clk
01:24:22]} {[%emt 00:04:34]} c6 {[%clk 01:11:46]} {[%emt 00:01:10]} 9. e4
{[%clk 01:22:03]} {[%emt 00:02:48]} O-O {[%clk 01:06:32]} {[%emt 00:05:45]} 10.
Rd1 {[%clk 01:21:26]} {[%emt 00:01:04]} f6 {[%clk 01:04:29]} {[%emt 00:02:35]}
11. Be2 {[%clk 01:13:23]} {[%emt 00:08:32]} N8d7 {[%clk 01:03:14]} {[%emt
00:01:46]} 12. O-O {[%clk 01:08:28]} {[%emt 00:05:23]} Re8 {[%clk 00:54:52]}
{[%emt 00:08:53]} 13. a4 {[%clk 01:00:55]} {[%emt 00:08:03]} a5 {[%clk
00:53:33]} {[%emt 00:01:51]} 14. d5 {[%clk 00:50:04]} {[%emt 00:11:20]} cxd5
{[%clk 00:53:11]} {[%emt 00:00:52]} 15. Nd4 {[%clk 00:49:00]} {[%emt 00:01:33]}
Bf7 {[%clk 00:40:21]} {[%emt 00:13:20]} 16. exd5 {[%clk 00:48:19]} {[%emt
00:01:11]} Nxd5 {[%clk 00:38:58]} {[%emt 00:01:54]} 17. Nxd5 {[%clk 00:47:58]}
{[%emt 00:00:51]} Bxd5 {[%clk 00:39:14]} {[%emt 00:00:14]} 18. Nb5 {[%clk
00:44:52]} {[%emt 00:03:34]} Rc8 {[%clk 00:30:21]} {[%emt 00:09:25]} 19. Bc7
{[%clk 00:22:43]} {[%emt 00:22:38]} e6 {[%clk 00:30:46]} {[%emt 00:00:06]} 20.
Bc4 {[%clk 00:15:57]} {[%emt 00:07:15]} Rxc7 {[%clk 00:29:48]} {[%emt
00:01:29]} 21. Nxc7 {[%clk 00:15:18]} {[%emt 00:01:08]} Qxc7 {[%clk 00:30:17]}
{[%emt 00:00:02]} 22. Rxd5 {[%clk 00:15:25]} {[%emt 00:00:22]} Rc8 {[%clk
00:18:19]} {[%emt 00:12:28]} 23. Rc1 {[%clk 00:13:48]} {[%emt 00:02:07]} Qxc4
{[%clk 00:18:10]} {[%emt 00:00:40]} 24. Qxc4 {[%clk 00:14:01]} {[%emt
00:00:17]} Rxc4 {[%clk 00:18:36]} {[%emt 00:00:04]} 25. Rxc4 {[%clk 00:13:44]}
{[%emt 00:00:46]} exd5 {[%clk 00:19:03]} {[%emt 00:00:04]} 26. Rc8+ {[%clk
00:13:14]} {[%emt 00:01:00]} Kf7 {[%clk 00:19:27]} {[%emt 00:00:06]} 27. Rc7
{[%clk 00:13:30]} {[%emt 00:00:14]} Ke6 {[%clk 00:19:52]} {[%emt 00:00:05]} 28.
Rxb7 {[%clk 00:13:52]} {[%emt 00:00:08]} Bf8 {[%clk 00:20:10]} {[%emt
00:00:11]} 29. Kf1 {[%clk 00:12:42]} {[%emt 00:01:41]} Bb4 {[%clk 00:20:12]}
{[%emt 00:00:29]} 30. Ke2 {[%clk 00:12:53]} {[%emt 00:00:18]} Nc5 {[%clk
00:20:20]} {[%emt 00:00:21]} 31. Rxh7 {[%clk 00:12:08]} {[%emt 00:01:16]} d4
{[%emt 00:05:52]} 32. Rh3 {[%clk 00:06:53]} d3+ {[%clk 00:21:07]} {[%emt
00:00:06]} 33. Rxd3 {[%clk 00:07:13]} {[%emt 00:00:10]} Nxd3 {[%clk 00:21:29]}
{[%emt 00:00:08]} 34. Kxd3 {[%clk 00:07:42]} {[%emt 00:00:01]} Kd5 {[%clk
00:21:40]} {[%emt 00:00:19]} 35. b3 {[%clk 00:06:04]} {[%emt 00:02:07]} Bc5
{[%clk 00:20:45]} {[%emt 00:01:25]} 36. f3 {[%clk 00:05:51]} {[%emt 00:00:43]}
Bg1 {[%clk 00:21:02]} {[%emt 00:00:13]} 37. h3 {[%clk 00:06:07]} {[%emt
00:00:15]} Bh2 {[%clk 00:21:22]} {[%emt 00:00:10]} 38. b4 {[%clk 00:03:55]}
{[%emt 00:02:41]} axb4 {[%clk 00:21:44]} {[%emt 00:00:08]} 39. a5 {[%clk
00:04:21]} {[%emt 00:00:04]} Kc5 {[%clk 00:21:43]} {[%emt 00:00:32]} 40. a6
{[%clk 00:04:44]} {[%emt 00:00:07]} Kb6 {[%clk 00:22:08]} {[%emt 00:00:04]} 41.
Kc4 {[%clk 00:04:35]} {[%emt 00:00:40]} Bd6 {[%clk 00:22:26]} {[%emt 00:00:12]}
42. h4 {[%clk 00:04:47]} {[%emt 00:00:18]} Kxa6 {[%clk 00:22:42]} {[%emt
00:00:14]} 43. g4 {[%clk 00:04:57]} {[%emt 00:00:19]} Ka5 {[%clk 00:23:07]}
{[%emt 00:00:06]} 44. Kd5 {[%clk 00:00:51]} {[%emt 00:04:36]} b3 {[%clk
00:22:44]} {[%emt 00:00:52]} 45. Kxd6 {[%clk 00:01:15]} {[%emt 00:00:06]} b2
{[%clk 00:23:11]} {[%emt 00:00:04]} 46. Ke6 {[%clk 00:01:37]} {[%emt 00:00:08]}
b1=Q {[%clk 00:23:32]} {[%emt 00:00:08]} 47. Kxf6 {[%clk 00:00:49]} {[%emt
00:01:46]} Kb5 {[%clk 00:23:47]} {[%emt 00:00:15]} 48. h5 {[%clk 00:29:04]}
{[%emt 00:02:15]} gxh5 {[%clk 00:53:54]} {[%emt 00:00:23]} 49. gxh5 {[%clk
00:29:32]} {[%emt 00:00:01]} Qh7 {[%clk 00:54:08]} {[%emt 00:00:16]} 0-1

[Event "Hoogeveen Open"]
[Site "Hoogeveen, Netherlands"]
[Date "2018.10.24"]
[Round "6.32"]
[White "Kutchoukov, Daniel"]
[Black "Pham, Khoi"]
[Result "0-1"]
[WhiteElo "1882"]
[BlackElo "2153"]

1. e4 {[%clk 01:31:00]} {[%emt 00:10:05]} c5 {[%clk 01:30:57]} {[%emt
00:00:03]} 2. Nc3 {[%clk 01:31:26]} {[%emt 00:00:05]} Nc6 {[%clk 01:31:23]}
{[%emt 00:00:01]} 3. Bb5 {[%clk 01:31:53]} {[%emt 00:00:06]} Nd4 {[%clk
01:31:44]} {[%emt 00:00:08]} 4. Bc4 {[%clk 01:32:21]} e6 {[%clk 01:32:00]}
{[%emt 00:00:14]} 5. Nge2 {[%clk 01:32:50]} Nf6 {[%clk 01:32:22]} {[%emt
00:00:07]} 6. O-O {[%clk 01:33:09]} {[%emt 00:00:11]} a6 {[%clk 01:32:48]}
{[%emt 00:00:06]} 7. d3 {[%clk 01:33:34]} {[%emt 00:00:05]} b5 {[%clk
01:33:13]} {[%emt 00:00:04]} 8. Bb3 {[%clk 01:34:01]} {[%emt 00:00:01]} Nxb3
{[%clk 01:33:33]} {[%emt 00:00:11]} 9. axb3 {[%clk 01:34:30]} {[%emt 00:00:02]}
Bb7 {[%clk 01:33:53]} {[%emt 00:00:10]} 10. Bg5 {[%clk 01:34:43]} {[%emt
00:00:18]} h6 {[%clk 01:33:11]} {[%emt 00:01:10]} 11. Bd2 {[%clk 01:35:10]}
{[%emt 00:00:04]} d5 {[%clk 01:31:54]} {[%emt 00:01:48]} 12. e5 {[%clk
01:34:23]} {[%emt 00:01:16]} d4 {[%clk 01:31:35]} {[%emt 00:00:49]} 13. exf6
{[%clk 01:16:29]} {[%emt 00:18:24]} dxc3 {[%clk 01:31:34]} {[%emt 00:00:31]} 14.
fxg7 {[%clk 01:14:57]} {[%emt 00:02:02]} Bxg7 {[%clk 01:31:57]} {[%emt
00:00:06]} 15. Bxc3 {[%clk 01:13:00]} {[%emt 00:02:28]} Rg8 {[%clk 01:25:25]}
{[%emt 00:07:01]} 16. f3 {[%clk 01:08:59]} {[%emt 00:04:32]} Qg5 {[%clk
01:22:19]} {[%emt 00:03:35]} 17. Ng3 {[%clk 01:07:11]} {[%emt 00:02:18]} h5
{[%clk 01:17:20]} {[%emt 00:05:29]} 18. Qe2 {[%clk 00:51:14]} {[%emt 00:16:28]}
Kf8 {[%clk 01:06:29]} {[%emt 00:11:20]} 19. Rae1 {[%clk 00:46:48]} {[%emt
00:04:57]} Rd8 {[%clk 00:55:56]} {[%emt 00:11:03]} 20. Bxg7+ {[%clk 00:42:13]}
{[%emt 00:05:04]} Rxg7 {[%clk 00:55:55]} {[%emt 00:00:32]} 21. Qe5 {[%clk
00:41:18]} {[%emt 00:01:25]} h4 {[%clk 00:51:12]} {[%emt 00:05:12]} 22. Qxg5
{[%clk 00:38:34]} {[%emt 00:03:14]} Rxg5 {[%clk 00:51:35]} {[%emt 00:00:07]} 23.
Ne4 {[%clk 00:33:42]} {[%emt 00:05:23]} Rgd5 {[%clk 00:48:13]} {[%emt
00:03:51]} 24. f4 {[%clk 00:27:08]} {[%emt 00:07:04]} Rf5 {[%clk 00:39:05]}
{[%emt 00:09:38]} 25. Re3 {[%clk 00:17:04]} {[%emt 00:10:35]} c4 {[%clk
00:37:43]} {[%emt 00:01:52]} 26. g4 {[%clk 00:13:48]} {[%emt 00:03:46]} hxg3
{[%clk 00:36:13]} {[%emt 00:02:00]} 27. Nxg3 {[%clk 00:13:42]} {[%emt
00:00:36]} Rc5 {[%clk 00:34:53]} {[%emt 00:01:49]} 28. bxc4 {[%clk 00:10:36]}
{[%emt 00:03:37]} bxc4 {[%clk 00:34:58]} {[%emt 00:00:24]} 29. dxc4 {[%clk
00:10:43]} {[%emt 00:00:24]} Rxc4 {[%clk 00:34:39]} {[%emt 00:00:48]} 30. c3
{[%clk 00:11:06]} {[%emt 00:00:08]} Rd2 {[%clk 00:33:42]} {[%emt 00:01:27]} 31.
Re2 {[%clk 00:11:10]} {[%emt 00:00:26]} Rd3 {[%clk 00:33:12]} {[%emt 00:00:59]}
32. f5 {[%clk 00:10:38]} {[%emt 00:01:03]} exf5 {[%clk 00:31:28]} {[%emt
00:02:13]} 33. Nxf5 {[%clk 00:08:22]} {[%emt 00:02:46]} Rg4+ {[%clk 00:31:41]}
{[%emt 00:00:17]} 34. Kf2 {[%clk 00:06:19]} {[%emt 00:02:34]} Rf4+ {[%clk
00:30:01]} {[%emt 00:02:10]} 35. Ke1 {[%clk 00:06:13]} {[%emt 00:00:36]} Rd1+
{[%clk 00:30:18]} {[%emt 00:00:13]} 36. Kxd1 {[%clk 00:06:25]} {[%emt
00:00:18]} Rxf1+ {[%clk 00:30:44]} {[%emt 00:00:04]} 37. Kd2 {[%clk 00:06:03]}
{[%emt 00:00:52]} Rxf5 {[%clk 00:31:09]} {[%emt 00:00:05]} 38. Kd3 {[%clk
00:02:57]} {[%emt 00:03:36]} Bd5 {[%clk 00:29:15]} {[%emt 00:02:24]} 39. Kd4
{[%clk 00:02:01]} {[%emt 00:01:26]} Be6 {[%clk 00:29:24]} {[%emt 00:00:21]} 40.
Ke4 {[%clk 00:01:35]} {[%emt 00:00:56]} Rh5 {[%clk 00:28:34]} {[%emt 00:01:19]}
41. Rd2 {[%clk 00:01:31]} {[%emt 00:00:34]} Ke7 {[%clk 00:28:54]} {[%emt
00:00:11]} 42. Kf4 {[%clk 00:26:53]} {[%emt 00:05:07]} Kf6 {[%clk 00:55:27]}
{[%emt 00:03:57]} 43. Ke4 {[%clk 00:20:55]} {[%emt 00:06:28]} Rh4+ {[%clk
00:55:06]} {[%emt 00:00:51]} 44. Kf3 {[%clk 00:21:11]} {[%emt 00:00:14]} Ke5
{[%clk 00:53:55]} {[%emt 00:01:41]} 45. Re2+ {[%clk 00:20:41]} {[%emt
00:01:01]} Kf5 {[%clk 00:54:02]} {[%emt 00:00:22]} 46. Kg3 {[%clk 00:20:56]}
{[%emt 00:00:15]} Rg4+ {[%clk 00:53:44]} {[%emt 00:00:48]} 47. Kf3 {[%clk
00:21:20]} {[%emt 00:00:06]} Bd5+ {[%clk 00:54:06]} {[%emt 00:00:09]} 48. Kf2
{[%clk 00:21:39]} {[%emt 00:00:11]} Rg2+ {[%clk 00:54:11]} {[%emt 00:00:24]} 49.
Ke3 {[%clk 00:22:08]} {[%emt 00:00:01]} Rxe2+ {[%clk 00:54:00]} {[%emt
00:00:42]} 50. Kxe2 {[%clk 00:22:37]} {[%emt 00:00:01]} Ke5 {[%emt 00:01:50]}
0-1

[Event "Hoogeveen Open"]
[Site "Hoogeveen, Netherlands"]
[Date "2018.10.24"]
[Round "6.34"]
[White "Verhoef, Pieter"]
[Black "Shakhverdian, William"]
[Result "1-0"]
[WhiteElo "2058"]
[BlackElo "1903"]

1. e4 {[%clk 01:30:58]} {[%emt 00:00:01]} c5 {[%clk 01:30:48]} {[%emt
00:00:14]} 2. Nf3 {[%clk 01:31:22]} {[%emt 00:00:04]} d6 {[%clk 01:31:08]}
{[%emt 00:00:11]} 3. Bb5+ {[%clk 01:31:47]} {[%emt 00:00:04]} Bd7 {[%clk
01:30:44]} {[%emt 00:00:53]} 4. Bxd7+ {[%clk 01:32:11]} {[%emt 00:00:07]} Qxd7
{[%clk 01:30:59]} {[%emt 00:00:16]} 5. O-O {[%clk 01:32:28]} {[%emt 00:00:13]}
Nf6 {[%clk 01:30:15]} {[%emt 00:01:14]} 6. Qe2 {[%clk 01:32:46]} {[%emt
00:00:12]} Nc6 {[%clk 01:30:13]} {[%emt 00:00:32]} 7. Rd1 {[%clk 01:32:57]}
{[%emt 00:00:19]} e6 {[%clk 01:29:32]} {[%emt 00:01:10]} 8. d4 {[%clk
01:33:05]} {[%emt 00:00:22]} cxd4 {[%clk 01:29:38]} {[%emt 00:00:24]} 9. Nxd4
{[%clk 01:33:29]} {[%emt 00:00:06]} Be7 {[%clk 01:23:03]} {[%emt 00:07:05]} 10.
c4 {[%clk 01:33:32]} {[%emt 00:00:27]} Nxd4 {[%clk 01:22:39]} {[%emt 00:00:55]}
11. Rxd4 {[%clk 01:33:55]} {[%emt 00:00:06]} Qc6 {[%clk 01:22:39]} {[%emt
00:00:30]} 12. Nc3 {[%clk 01:33:55]} {[%emt 00:00:31]} O-O {[%clk 01:21:28]}
{[%emt 00:01:41]} 13. b3 {[%clk 01:29:08]} {[%emt 00:05:17]} Rfe8 {[%clk
01:12:57]} {[%emt 00:09:01]} 14. Bb2 {[%clk 01:28:51]} {[%emt 00:00:46]} a6
{[%clk 01:12:35]} {[%emt 00:00:52]} 15. Rd2 {[%clk 01:22:58]} {[%emt 00:06:22]}
Rad8 {[%clk 01:09:45]} {[%emt 00:03:21]} 16. Rad1 {[%clk 01:23:01]} {[%emt
00:00:27]} Nd7 {[%clk 00:59:34]} {[%emt 00:10:41]} 17. Qg4 {[%clk 01:17:44]}
{[%emt 00:05:48]} Ne5 {[%clk 00:56:56]} {[%emt 00:03:08]} 18. Qg3 {[%clk
01:17:52]} {[%emt 00:00:21]} Ng6 {[%clk 00:54:42]} {[%emt 00:02:43]} 19. Ba3
{[%clk 01:16:50]} {[%emt 00:01:33]} Bf6 {[%clk 00:41:13]} {[%emt 00:14:00]} 20.
Bxd6 {[%clk 01:06:27]} {[%emt 00:10:53]} Bxc3 {[%clk 00:40:52]} {[%emt
00:00:49]} 21. Qxc3 {[%clk 01:06:50]} {[%emt 00:00:08]} Qxe4 {[%clk 00:41:07]}
{[%emt 00:00:15]} 22. Bg3 {[%clk 01:06:13]} {[%emt 00:01:07]} Rxd2 {[%clk
00:40:28]} 23. Qxd2 {[%clk 01:06:13]} Qc6 {[%clk 00:35:50]} {[%emt 00:06:23]}
24. Qd7 {[%clk 00:57:32]} {[%emt 00:09:35]} Qc8 {[%clk 00:31:29]} {[%emt
00:04:51]} 25. Qxc8 {[%clk 00:55:25]} {[%emt 00:02:37]} Rxc8 {[%clk 00:31:49]}
{[%emt 00:00:10]} 26. Rd7 {[%clk 00:55:49]} {[%emt 00:00:06]} b5 {[%clk
00:32:14]} {[%emt 00:00:05]} 27. c5 {[%clk 00:56:15]} {[%emt 00:00:05]} Rxc5
{[%clk 00:25:52]} {[%emt 00:06:52]} 28. Rd8+ {[%clk 00:56:38]} {[%emt
00:00:07]} Nf8 {[%clk 00:26:17]} {[%emt 00:00:04]} 29. Rxf8+ {[%clk 00:57:01]}
{[%emt 00:00:06]} 1-0

[Event "Hoogeveen Open"]
[Site "Hoogeveen, Netherlands"]
[Date "2018.10.25"]
[Round "7.1"]
[White "Amin, Bassem"]
[Black "Van Den Doel, Erik"]
[Result "1/2-1/2"]
[WhiteElo "2686"]
[BlackElo "2607"]

1. e4 {[%clk 01:30:03]} {[%emt 00:00:55]} e5 {[%clk 01:30:54]} {[%emt
00:00:07]} 2. Nf3 {[%clk 01:30:25]} {[%emt 00:00:09]} Nc6 {[%clk 01:31:20]}
{[%emt 00:00:04]} 3. Bc4 {[%clk 01:30:50]} {[%emt 00:00:05]} Bc5 {[%clk
01:31:46]} {[%emt 00:00:04]} 4. c3 {[%clk 01:31:07]} {[%emt 00:00:14]} Nf6
{[%clk 01:32:12]} {[%emt 00:00:04]} 5. d3 {[%clk 01:31:33]} {[%emt 00:00:04]}
d6 {[%clk 01:32:24]} {[%emt 00:00:18]} 6. O-O {[%clk 01:31:41]} {[%emt
00:00:22]} h6 {[%clk 01:32:29]} {[%emt 00:00:26]} 7. Re1 {[%clk 01:31:49]}
{[%emt 00:00:22]} O-O {[%clk 01:32:36]} {[%emt 00:00:22]} 8. Nbd2 {[%clk
01:31:56]} {[%emt 00:00:23]} a6 {[%clk 01:09:24]} {[%emt 00:23:43]} 9. Nf1
{[%clk 01:28:28]} {[%emt 00:03:57]} Ba7 {[%clk 01:07:45]} {[%emt 00:02:10]} 10.
Bb3 {[%clk 01:26:42]} {[%emt 00:02:16]} Re8 {[%clk 01:03:15]} {[%emt 00:05:00]}
11. Ng3 {[%clk 01:26:39]} {[%emt 00:00:33]} Be6 {[%clk 01:03:39]} {[%emt
00:00:07]} 12. Bxe6 {[%clk 01:14:46]} {[%emt 00:12:23]} Rxe6 {[%clk 01:04:03]}
{[%emt 00:00:05]} 13. d4 {[%clk 01:14:40]} {[%emt 00:00:36]} d5 {[%clk
00:44:34]} {[%emt 00:19:59]} 14. Nxe5 {[%clk 01:11:58]} {[%emt 00:03:12]} Nxe5
{[%clk 00:44:06]} {[%emt 00:00:58]} 15. dxe5 {[%clk 01:12:22]} {[%emt
00:00:06]} Nxe4 {[%clk 00:41:07]} {[%emt 00:03:28]} 16. Nxe4 {[%clk 01:10:59]}
{[%emt 00:01:53]} dxe4 {[%clk 00:41:33]} {[%emt 00:00:04]} 17. Bf4 {[%clk
01:11:05]} {[%emt 00:00:24]} Qxd1 {[%clk 00:37:32]} {[%emt 00:04:32]} 18. Raxd1
{[%clk 01:11:25]} g5 {[%clk 00:37:55]} {[%emt 00:00:17]} 19. Bg3 {[%clk
01:09:56]} {[%emt 00:02:00]} Rae8 {[%clk 00:35:43]} {[%emt 00:02:42]} 20. Rd7
{[%clk 01:07:55]} {[%emt 00:02:30]} R8e7 {[%clk 00:28:11]} {[%emt 00:08:02]} 21.
Rxe7 {[%clk 01:05:50]} {[%emt 00:02:35]} Rxe7 {[%clk 00:28:40]} {[%emt
00:00:02]} 22. Kf1 {[%clk 01:05:57]} {[%emt 00:00:22]} Kh7 {[%clk 00:28:25]}
{[%emt 00:00:45]} 23. h3 {[%clk 01:03:49]} {[%emt 00:02:39]} c6 {[%clk
00:20:51]} {[%emt 00:08:05]} 24. Bh2 {[%clk 00:53:42]} {[%emt 00:10:36]} Rd7
{[%clk 00:17:02]} {[%emt 00:04:19]} 25. Rxe4 {[%clk 00:44:12]} {[%emt
00:09:59]} Rd2 {[%clk 00:16:52]} {[%emt 00:00:40]} 26. Re2 {[%clk 00:43:55]}
{[%emt 00:00:46]} Rd1+ {[%clk 00:17:18]} {[%emt 00:00:05]} 27. Re1 {[%clk
00:44:22]} {[%emt 00:00:03]} Rd2 {[%clk 00:17:45]} {[%emt 00:00:03]} 28. Re2
{[%clk 00:44:47]} {[%emt 00:00:05]} 1/2-1/2

[Event "Hoogeveen Open"]
[Site "Hoogeveen, Netherlands"]
[Date "2018.10.25"]
[Round "7.2"]
[White "Safarli, Eltaj"]
[Black "Kryakvin, Dmitry"]
[Result "1/2-1/2"]
[WhiteElo "2676"]
[BlackElo "2595"]

1. e4 {[%clk 01:30:56]} {[%emt 00:00:03]} c5 {[%clk 01:30:53]} {[%emt
00:00:08]} 2. Nf3 {[%clk 01:31:20]} {[%emt 00:00:06]} d6 {[%clk 01:31:16]}
{[%emt 00:00:07]} 3. c3 {[%clk 01:29:34]} {[%emt 00:02:15]} Nf6 {[%clk
01:31:23]} {[%emt 00:00:22]} 4. h3 {[%clk 01:29:50]} {[%emt 00:00:15]} Nc6
{[%clk 01:29:37]} {[%emt 00:02:17]} 5. Bd3 {[%clk 01:30:13]} {[%emt 00:00:07]}
d5 {[%clk 01:29:40]} {[%emt 00:00:26]} 6. e5 {[%clk 01:29:44]} {[%emt
00:01:00]} Nd7 {[%clk 01:30:04]} {[%emt 00:00:06]} 7. Qe2 {[%clk 01:29:39]}
{[%emt 00:00:34]} e6 {[%clk 01:24:19]} {[%emt 00:06:15]} 8. O-O {[%clk
01:29:35]} {[%emt 00:00:34]} Qc7 {[%clk 01:15:40]} {[%emt 00:09:10]} 9. Bb5
{[%clk 01:27:02]} {[%emt 00:03:04]} a6 {[%clk 01:14:39]} {[%emt 00:01:32]} 10.
Bxc6 {[%clk 01:27:26]} {[%emt 00:00:05]} Qxc6 {[%clk 01:12:25]} {[%emt
00:02:44]} 11. d4 {[%clk 01:27:02]} {[%emt 00:00:53]} Be7 {[%clk 01:10:47]}
{[%emt 00:02:09]} 12. Bg5 {[%clk 01:25:01]} {[%emt 00:02:30]} Bxg5 {[%clk
01:03:20]} {[%emt 00:07:57]} 13. Nxg5 {[%clk 01:25:19]} {[%emt 00:00:12]} h6
{[%clk 01:03:44]} {[%emt 00:00:07]} 14. Nf3 {[%clk 01:11:40]} {[%emt 00:14:09]}
b6 {[%clk 01:02:53]} {[%emt 00:01:21]} 15. Nbd2 {[%clk 01:07:32]} {[%emt
00:04:38]} a5 {[%clk 01:02:41]} {[%emt 00:00:42]} 16. Rfc1 {[%clk 01:07:31]}
{[%emt 00:00:30]} Ba6 {[%clk 01:02:28]} {[%emt 00:00:43]} 17. Qe3 {[%clk
01:07:56]} {[%emt 00:00:06]} O-O {[%clk 01:00:41]} {[%emt 00:02:16]} 18. a4
{[%clk 01:02:27]} {[%emt 00:05:59]} Rfc8 {[%clk 00:58:53]} {[%emt 00:02:18]} 19.
Re1 {[%clk 01:00:24]} {[%emt 00:02:32]} Rab8 {[%clk 00:50:27]} {[%emt
00:08:57]} 20. Ra2 {[%clk 00:53:58]} {[%emt 00:06:55]} Qc7 {[%clk 00:49:05]}
{[%emt 00:01:53]} 21. Nh2 {[%clk 00:49:40]} {[%emt 00:04:47]} cxd4 {[%clk
00:45:51]} {[%emt 00:03:44]} 22. Qxd4 {[%clk 00:49:34]} {[%emt 00:00:36]} b5
{[%clk 00:44:23]} {[%emt 00:01:59]} 23. axb5 {[%clk 00:48:23]} {[%emt
00:01:41]} Bxb5 {[%clk 00:44:23]} {[%emt 00:00:29]} 24. Ra3 {[%clk 00:41:25]}
{[%emt 00:07:29]} Qc5 {[%clk 00:39:39]} {[%emt 00:05:14]} 25. Rxa5 {[%clk
00:28:49]} {[%emt 00:13:06]} Qxd4 {[%clk 00:38:23]} {[%emt 00:01:46]} 26. cxd4
{[%clk 00:29:15]} {[%emt 00:00:04]} Rc2 {[%clk 00:37:23]} {[%emt 00:01:30]} 27.
Nhf3 {[%clk 00:29:34]} {[%emt 00:00:10]} Rxb2 {[%clk 00:36:59]} {[%emt
00:00:53]} 28. Rc1 {[%clk 00:27:22]} {[%emt 00:02:42]} Be2 {[%clk 00:34:52]}
{[%emt 00:02:37]} 29. Rc7 {[%clk 00:25:41]} {[%emt 00:02:12]} 1/2-1/2